Województwa graniczące z województwem świętokrzyskim - Statystyki

Ogólne statystyki
  • Ten quiz został rozwiązany 34 razy
  • Średni wynik to 6 z 6
Statystyki odpowiedzi
Województwo % Poprawnych
podkarpackie
100%
łódzkie
97%
małopolskie
97%
śląskie
97%
lubelskie
94%
mazowieckie
91%
Nie znaleziono quizów pasujących do podanych kryteriów
Rozkład punktacji
Procent ludzi z każdym wynikiem
Percentyl według liczby udzielonych odpowiedzi
Twoja historia wyników
Nie rozwiązałeś tego quizu